Servicio público de pompas fúnebres / Casa de Caridad de Barcelona
Descripción Física:
[63] p. : il. ; 16 cm
Materias:
Serveis funeraris -- Martorell
MARC
| LEADER | 00000nam a2200000Ia 4500 | ||
|---|---|---|---|
| 001 | 19988 | ||
| 008 | 160829s19-- ?] xx 000 0 cat d | ||
| 080 | |a R-12-92 | ||
| 245 | |a Servicio público de pompas fúnebres / Casa de Caridad de Barcelona | ||
| 260 | |a [s.l. : |b s.n., |c 19-- ?] | ||
| 300 | |a [63] p. : |b il. ; |c 16 cm | ||
| 590 | |a Prové del Servei de Martorell. | ||
| 590 | |a Cobertes en mal estat de conservació | ||
| 650 | |a Serveis funeraris |x Martorell |9 44542 | ||
| 710 | |a Casa de Caritat (Barcelona, Catalunya) |9 52406 | ||
| 901 | |a Arxiu | ||
| 942 | |n 1 |2 udc | ||
| 952 | |0 0 |1 0 |4 0 |6 R1292 |7 1 |9 51981 |a Arxiu |b Arxiu |d 2016-12-01 |l 0 |o R-12-92 |p 19988 |r 2016-12-01 00:00:00 |w 2016-12-01 |y ARXIU | ||
| 999 | |c 55828 |d 55828 | ||
| 900 | |a bib_19988_baixa.pdf | ||